Zavádění CIM do evropské energetiky

CIM ( Common Information Model) ako informačný model popisujúci elektrizačnú sústavu, jej topografiu, fyzické prvky (generátory, spínače..) ale aj meranie, dohody a plánovanie.

Gespeichert in:
Bibliographische Detailangaben
1. Verfasser: Svoboda, Petr
Format: Buchkapitel
Sprache:Tschechisch
Schlagworte:
Tags: Tag hinzufügen
Keine Tags, Fügen Sie das erste Tag hinzu!

MARC

LEADER 00000naa a2200000 4500
001 0184851
005 20221020085931.2
041 0 |a cze 
044 |a CZ 
245 1 0 |a Zavádění CIM do evropské energetiky  |c Petr Svoboda 
520 |a CIM ( Common Information Model) ako informačný model popisujúci elektrizačnú sústavu, jej topografiu, fyzické prvky (generátory, spínače..) ale aj meranie, dohody a plánovanie. 
610 2 0 |a politika energetická 
610 2 0 |a systémy informačné 
610 2 0 |a dáta 
610 2 0 |a Európa 
100 1 |a Svoboda, Petr